Orientaciones sobre intervención sindical en drogodependencias /

Bewaard in:
Bibliografische gegevens
Hoofdauteur: Díaz, Mariano
Coauteur: Confederal de Acción Sindical Comisiones Obreras
Andere auteurs: et. al
Formaat: Texto
Gepubliceerd in: Madrid: CC.OO
Tags: Voeg label toe
Geen labels, Wees de eerste die dit record labelt!

MARC

LEADER 00000 a a2200000 04500
001 23923
003
040
090 |a 169000  
100 |a Díaz, Mariano  
110 |a Confederal de Acción Sindical Comisiones Obreras  
245 |a Orientaciones sobre intervención sindical en drogodependencias /  |c Mariano Díaz 
260 |a Madrid:   |b CC.OO  
300 |a 111 p  
700 |a et. al  
999 |c 15781  |d 15781